| 000 | 01496cam a2200373 i 4500 | ||
|---|---|---|---|
| 001 | 18133238 | ||
| 003 | OSt | ||
| 005 | 20260313111704.0 | ||
| 008 | 140429s2014 ilu b 001 0 eng | ||
| 010 | _a 2014013482 | ||
| 020 |
_a9780830836710 _qpbk. : alk. paper |
||
| 035 | _a18133238 | ||
| 040 |
_aDLC _beng _cDLC _erda _dDLC |
||
| 042 | _apcc | ||
| 050 | 0 | 0 |
_aBV4905.3 _b.G855 2014 |
| 082 | 0 | 0 |
_a261 _223 |
| 100 | 1 | _aGuinness, Os. | |
| 245 | 1 | 0 |
_aRenaissance : _bthe power of the gospel however dark the times / _cOs Guinness. |
| 264 | 1 |
_aDowners Grove, Illinois : _bInterVarsity Press, _c[2014] |
|
| 300 |
_a187 pages ; _c21 cm |
||
| 336 |
_atext _btxt _2rdacontent |
||
| 337 |
_aunmediated _bn _2rdamedia |
||
| 338 |
_avolume _bnc _2rdacarrier |
||
| 504 | _aIncludes bibliographical references and index. | ||
| 505 | 0 | _aOur Augustinian moment -- Grand global tasks -- Unnecessary, unlikely, undeniable -- The secret of cultural power -- The dynamics of the kingdom -- Our golden age is ahead -- Postscript: one more time again? -- Introduction to an evangelical manifesto -- An evangelical manifesto. | |
| 650 | 0 | _aConsolation. | |
| 650 | 0 | _aChristianity. | |
| 650 | 0 | _aEvangelicalism. | |
| 650 | 0 |
_aSuffering _xReligious aspects _xChristianity. |
|
| 650 | 0 |
_aHope _xReligious aspects _xChristianity. |
|
| 906 |
_a7 _bcbc _corignew _d1 _eecip _f20 _gy-gencatlg |
||
| 942 |
_2lcc _cBK |
||
| 999 |
_c21360 _d21359 |
||